College Quizbowl Stats
College Quizbowl Stats
Circuits
Seasons
Sets
Records
Detailed Stats
About
Loading...
2023 BHSU @ Northwestern
Tossups
Bonuses
Players
Teams
Categories (Tossup)
Categories (Bonus)
Pranav Sivaram
Ohio State A
Categories
Category
Powers
Gets
Negs
BBs
Points
Earliest Buzz
Avg. Buzz
First Buzzes
Top 3 Buzzes
BPA
PVF
BB
0
6
0
4
60
93
121.83
0
3
0.00
0.00
AG
0
1
0
0
10
89
89.00
1
1
0.00
0.00
AW
0
0
0
0
0
0.00
0
0
0.00
0.00
MB
0
0
0
0
0
0.00
0
0
0.00
0.00
Buzzes
Category
Answer
Value
Buzz Position
AG
ATP hydrolysis
10
89
BB
cellulose
10
93
BB
reductases
10
111
AW
periodate
0
119
BB
chemotaxis
10
125
MB
Sophus Lie
0
128
BB
sunspots
10
129
BB
length
0
131
BB
fluid velocity
10
133
BB
planetary migration
10
140
Previous
1
Next